Longfellow's 'The Arrow and The Song' Quiz Stats

Quiz not verified by Sporcle

Challenge
Share
Tweet
Embed
Score 0/88 Timer 10:00
0 Plays Today
% Correct
I
100%
I
100%
I
100%
a
100%
I
100%
I
100%
I
100%
a
100%
an
92.9%
the
92.9%
to
92.9%
the
92.9%
the
92.9%
to
92.9%
the
92.9%
an
92.9%
the
92.9%
the
92.9%
to
92.9%
the
92.9%
arrow
85.7%
so
85.7%
in
85.7%
song
85.7%
so
85.7%
and
85.7%
song?
85.7%
in
85.7%
arrow,
85.7%
And
85.7%
% Correct
song,
85.7%
in
85.7%
shot
78.6%
For,
78.6%
For
78.6%
into
71.4%
air,
71.4%
It
71.4%
fell
71.4%
earth,
71.4%
know
71.4%
not
71.4%
where;
71.4%
it
71.4%
not
71.4%
it
71.4%
into
71.4%
air,
71.4%
It
71.4%
fell
71.4%
earth,
71.4%
know
71.4%
not
71.4%
where;
71.4%
it
71.4%
of
71.4%
found
71.4%
found
71.4%
heart
71.4%
of
71.4%
% Correct
friend.
71.4%
flew,
64.3%
Could
64.3%
who
64.3%
can
64.3%
Long,
64.3%
long
64.3%
again
64.3%
swiftly
57.1%
sight
57.1%
follow
57.1%
its
57.1%
flight.
57.1%
has
57.1%
sight
57.1%
keen
57.1%
That
57.1%
follow
57.1%
flight
57.1%
oak
57.1%
still
57.1%
unbroke;
57.1%
from
57.1%
breathed
50%
strong,
50%
afterward,
50%
beginning
50%
end,
50%

You're not logged in!

Compare scores with friends on all Sporcle quizzes.
Sign Up with Email
OR
Log In

You Might Also Like...

Show Comments

Extras

Top Quizzes Today


Score Distribution

Your Account Isn't Verified!

In order to create a playlist on Sporcle, you need to verify the email address you used during registration. Go to your Sporcle Settings to finish the process.